000 00583nam a2200229Ia 4500
003 OSt
005 20220924150536.0
006 a|||||r|||| 00| 0
007 ta
008 220923b |||||||| |||| 00| 0 tel d
024 _a333598
037 _cTextual
040 _aARTS
_cARTS
_btel
041 _2tel
_atel
082 _aO35,2M65x, J1
100 _aRao Lakshmi Narsimha
_9222367
245 0 _aHasyaballari
260 _c1951
650 _aTELUGU DRAMA
_9173432
942 _hO35,2M65x, J1
_cTEXL
_2CC
999 _c463711
_d463711